00457 a2200157 4500020001800000050002000018100003800038245003800076264004300114300001400157500001300171650003000184650002900214650003000243650002600273 a9781250069221 aPS3553 CRO 2014 aCrook, Elizabeth, d1959-eauthor aMonday, Monday /cElizabeth Crook aNew York:bSarah Crichton books,c2014 a340 pages ano index aCollege studentsxfiction aCampus violencexfiction aSchool shootingsxfiction aPsychological fiction